000 01225nam a2200241Ia 4500
999 _c40856
_d40856
001 7498
003 GE_BSU
005 20200108152229.0
008 181216s2013||||ge |||||||||||||| ||geo||
020 _a9789941434464
040 _cGE_BSU
041 _ageo
080 _a821.111.09-2 გ–69
100 _aგორჯელაძე, იულია
_96010
245 _aავტორის თვითგამოხატვის ხერხები ინგლისურენოვან მოდერნისტულ დრამაში :
_b[მონოგრაფია] /
_cიულია გორჯელაძე ; რედ. თამარ ჯაფარიძე.
264 _aბათუმი :
_bბათუმის შოთა რუსთაველის სახ. უნ–ტი,
_c2013.
300 _a92 გვ. ;
_b21 სმ.
504 _a ბიბლიოგრ.: გვ. 85-89.
653 _aინგლისურენოვანი დრამატურგია
700 _aჯაფარიძე, თამარ
_eრედაქტორი
_95968
710 _a ბათუმის სახელმწ. უნ-ტი
_96011
942 _cBK
_2udc